[Event "Saratov"]
[Site "Saratov"]
[Date "2008.08.17"]
[Round "7"]
[White "Simantsev, Mikhail"]
[Black "Onoprijchuk, Boris"]
[Result "1/2-1/2"]
[WhiteElo "2488"]
[BlackElo "2366"]
[PlyCount "20"]
[EventDate "2008.08.11"]
[EventType "tourn"]
[EventRounds "11"]
[EventCountry "RUS"]
[EventCategory "4"]
[SourceTitle "EXT 2010"]
[Source "ChessBase"]
[SourceDate "2010.11.25"]
[SourceVersion "1"]
[SourceVersionDate "2010.11.25"]
[SourceQuality "1"]

1. e4 e5 2. Nf3 Nf6 3. Bc4 Bc5 4. d3 d6 5. c3 0-0 6. 0-0 Bb6 7. Bb3 a6 8. h3 h6 9. Re1 Be6 10. Bxe6 fxe6 1/2-1/2